1088 1456 1934 1114 1806 1885 1666 1311 1435 1659 1210 1552 1917 1619 1280 1997 1523 1892 1654 1387 1880 1549 1767 1419 1364 1831 1363 1562 1839 1296 1541 1487 1745 1521 1386 1859 1181 1811 1268 1149 1307 1207 1361 1950 1950 1319 1538 1555 1185 1682 1985 1837 1948 1113 1878 1848 1242 1855 1824 1805 1050 1264 1931 1872 1895 1688 1092 1044 1171 1255 1420 1233 1157 1267 1892 1755 1194 1531 1838 1240 1955 1611 1452 1087 1814 1672 1444 1897 1993 1582 1234 1827 1355 1554 1759 1925 1723 1761 1192 BCNSPRNW ULIB Ver.6.0+V

เปลี่ยนเป็นภาษาไทย

Change to English
 แสดงรายละเอียดบรรณานุกรม
  กลับหน้าหลัก

Brief Record : Get Marc (ISO 2709) : E-mail record : QR code < ปิดหน้าต่าง
LEADER : 00000nam 2200000uu 4500
001    13399128486
003     ULIB
008    020711s2565 th a 000 0 tha d
020    ^a9789746418164
050  0 ^aZ678.9^bจ73ค
100 0  ^aจุฑาทิพย์ จันทร์ลุน
245    ^aความรู้เบื้องต้นเกี่ยวกับระบบห้องสมุดอัตโนมัติ
250    ^aพิมพ์ครั้งที่ 1
260    ^aนครปฐม :^bโรงพิมพ์มหาวิทยาลัยศิลปากร,^c2565
300    ^a233 หน้า;^c26 ซม.
650    ^aห้องสมุดอัตโนมัติ
945    ^p280^l0^i010234
999    ^aประนอม เกษจรัล
รายการนี้ยังไม่มีแท็ก
คุณยังไม่ได้ล็อกอิน คุณสามารถมีกิจกรรมร่วมกับเว็บไซต์ได้ แต่ต้องล็อกอินก่อน ::
  ล็อกอิน

รายการสื่อสารสนเทศ

ลำดับที่ ประเภท เลขเรียก/บาร์โค้ด สถานที่ สถานะ
1. การศึกษาทั่วไป
หนังสือสำรอง
สถานะ=หนังสือสำรอง
Z678.9 จ73ค ฉ.1 
  Barcode: 010234
ห้องสมุดวิทยาเขตสวรรค์ประชารักษ์
►หนังสือทั่วไป
บนชั้น

รายการใกล้เคียง
    หัวเรื่อง [ห้องสมุดอัตโนมัติ]

BibComment


ยังไม่เคยถูกคอมเมนท์

คอมเมนท์ทรัพยากรรายการนี้
  คอมเมนท์: ความรู้เบื้องต้น..


 Copyright 2026. Bcnsprnw @Library